Buildings and projects / (Record no. 352444)
[ view plain ]
| 000 -LEADER | |
|---|---|
| fixed length control field | 00707 a2200217 4500 |
| 003 - CONTROL NUMBER IDENTIFIER | |
| control field | OSt |
| 005 - DATE AND TIME OF LATEST TRANSACTION | |
| control field | 20260129101913.0 |
| 008 - FIXED-LENGTH DATA ELEMENTS--GENERAL INFORMATION | |
| fixed length control field | 120419t xxu||||| |||| 00| 0 eng d |
| 010 ## - LIBRARY OF CONGRESS CONTROL NUMBER | |
| LC control number | 82180689 |
| 020 ## - INTERNATIONAL STANDARD BOOK NUMBER | |
| International Standard Book Number | 3775701583 : |
| 040 ## - CATALOGING SOURCE | |
| Transcribing agency | 0 |
| 082 00 - DEWEY DECIMAL CLASSIFICATION NUMBER | |
| Classification number | 720.924 |
| 100 1# - MAIN ENTRY--PERSONAL NAME | |
| Personal name | Diba, Kamran. |
| 9 (RLIN) | 32611 |
| 245 10 - TITLE STATEMENT | |
| Title | Buildings and projects / |
| Statement of responsibility, etc. | Kamran Diba. |
| 260 ## - PUBLICATION, DISTRIBUTION, ETC. | |
| Place of publication, distribution, etc. | Stuttgart-Bad Cannstatt, West Germany : |
| Name of publisher, distributor, etc. | Hatje, |
| Date of publication, distribution, etc. | c1981. |
| 300 ## - PHYSICAL DESCRIPTION | |
| Extent | 243 p. : |
| Other physical details | ill. (some col.) ; |
| Dimensions | 27 cm. |
| 600 10 - SUBJECT ADDED ENTRY--PERSONAL NAME | |
| Personal name | Diba, Kamran. |
| 9 (RLIN) | 32611 |
| 650 #0 - SUBJECT ADDED ENTRY--TOPICAL TERM | |
| Topical term or geographic name entry element | Architecture |
| Geographic subdivision | Iran |
| General subdivision | History |
| Chronological subdivision | 20th century |
| General subdivision | Designs and plans. |
| 9 (RLIN) | 32612 |
| 942 ## - ADDED ENTRY ELEMENTS (KOHA) | |
| Institution code [OBSOLETE] | SADA |
| Koha item type | Book |
| Call number prefix | 720.924 DIB 1981 |
| Source of classification or shelving scheme | |
| Withdrawn status | Lost status | Source of classification or shelving scheme | Damaged status | Not for loan | Permanent Location | Current Location | Date acquired | Total Checkouts | Full call number | Barcode | Date last seen | Date last checked out | Cost, replacement price | Price effective from | Koha item type |
|---|---|---|---|---|---|---|---|---|---|---|---|---|---|---|---|
| School of Art Design and Architecture (SADA) | School of Art Design and Architecture (SADA) | 09/29/2010 | 2 | 720.924 DIB 1981 | SADA0000290 | 05/21/2012 | 05/10/2012 | 5912.00 | 08/05/2011 | Book |
